000 00194 a2200097 4500
001 43364
100 _aRidley
245 _aOthello
260 _aLondon
_bMethuen & Co
_c
090 _c27201
_d27201
942 _aNUST-CAE
_cM
_c19116
999 _c278437
_d278437